| 000 | 01508nam a22002417a 4500 | ||
|---|---|---|---|
| 003 | OSt | ||
| 005 | 20230724153905.0 | ||
| 008 | 230724b ||||| |||| 00| 0 spa d | ||
| 020 | _a9789584880345 | ||
| 040 | _cCO-MqBPB | ||
| 082 |
_a305.4 _bV47 |
||
| 100 |
_aLópez, Ada. _eAutor |
||
| 245 |
_aVisión mujeres / _cAda López |
||
| 260 |
_aBogotá : _bGrupo Editarte, Fundación Sara Díaz, _c2019. |
||
| 300 |
_a94 páginas ; _bTapa Rústica, _c20 cm. |
||
| 500 | _aEste libro se escribió con la intención de acercar a todas las personas a los aspectos más esenciales que tiene lugar cuando se habla de estudios de género y feminismo. En Visión mujeres, se tratan temas como la importancia de hacer pedagogía de género, avances históricos, las diferentes olas del feminismo, cómo el machismo afecta también a los hombres, la obtención de derechos civiles como el voto, legislación sobre derechos reproductivos y el acceso de las mujeres a la educación superior. También se aclaran conceptos como sexo, género, identidad de género, orientación sexual, transexual, polisexual, pansexual, cisgénero y queer, así como los términos mismos de machismo y feminismo, de los cuales suelen tenerse ideas bastante imprecisas. | ||
| 650 |
_aColombia Estudios de género _xMujeres |
||
| 650 |
_aColombia Identidad de género _xDerechos de la mujer |
||
| 650 | _aAspectos sociales | ||
| 700 |
_a Díaz, Cristina. _eCoautor |
||
| 700 |
_a Morales, Ana Lucero. _eCoautor |
||
| 942 |
_2ddc _cBK |
||
| 999 |
_c14954 _d14954 |
||